000 00687nam a22002297a 4500
001 85418
003 BD-RjUL
005 20250803154446.0
008 250803s1917 lona|||| |||| 00| 0 eng d
035 _a(BD-RjUL)85418
040 _aBD-RjUL
_beng
_cBD-RjUL
_dDLC
_eDLC
041 _aeng
082 _223
_a920.042
_bSMI 1917
245 _aThe Dictionary of National Biography,
_cEdited by Leslie Stephen, and Sidney lee
_nChamber- Craigie
260 _aLondon
_bGeoffrey Cumberlege
_c1917
300 _a1392 Page,
_bill,
_c10 cm.
505 _aVolume-1,
650 _aBiography
_916420
700 _aStephen, Leslie, Edited by
_916421
700 _alee, Sidney
_916422
942 _2ddc
_cBK
999 _c85418
_d85418